Chile más allá del bicentenario. Una propuesta progresista
Sparad:
| Huvudupphovsman: | |
|---|---|
| Materialtyp: | Bok |
| Språk: | engelska |
| Publicerad: |
Santiago, Chile.
Planeta Chilena S.A.,
2009
|
| Upplaga: | 1ª edición |
| Ämnen: | |
| Taggar: |
Lägg till en tagg
Inga taggar, Lägg till första taggen!
|
MARC
| LEADER | 00000nam a22000007a 4500 | ||
|---|---|---|---|
| 003 | CL-VaPUC | ||
| 005 | 20250430101856.0 | ||
| 008 | 211105b2009 ||||| |||| 00| 0 eng d | ||
| 999 | |c 433876 |d 433874 | ||
| 020 | |a 978-956-247-489-4 | ||
| 040 | |c Pontificia Universidad Católica de Valparaíso | ||
| 082 | 0 | 4 | |2 21 |a 303.44 BIT 2009 |
| 100 | 1 | |a Bitar, Sergio |9 561040 |e autor | |
| 245 | 1 | 0 | |a Chile más allá del bicentenario. |b Una propuesta progresista |
| 250 | |a 1ª edición | ||
| 260 | |a Santiago, Chile. |b Planeta Chilena S.A., |c 2009 | ||
| 300 | |a 124 páginas | ||
| 500 | |a Donación 05/11/2021 | ||
| 583 | |c 20211105 |k Sebastián Perez | ||
| 650 | 1 | 0 | |a Política económica |z Chile |x Desarrollo económico |y Siglo 21 |9 864957 |
| 650 | 1 | |a Política y gobierno |y Siglo 21 |z Chile |9 864958 | |
| 650 | 1 | |a Política social |y Siglo 21 |z Chile |9 864959 | |
| 650 | 1 | |a Identidad cultural |y Siglo 21 |z Chile |9 864960 | |
| 942 | |2 ddc |c BK | ||
| 952 | |0 0 |1 0 |2 ddc |4 0 |6 303_440000000000000_BIT_2009 |7 0 |8 A |9 579160 |a BIBHIS |b BIBHIS |d 2021-11-05 |e Donación |i 5625211 |o 303.44 BIT 2009 |p 5625211 |r 2025-01-20 |t 1 |w 2021-11-05 |y BK |k HIS | ||